Normale Ansicht MARC-Ansicht ISBD

Khojalu "Genocide" and its Mission in Karabakh Conflict (Titelsatznr. 73109)

[ MARC ]
MARC-Details
000 -Satzkennung
Kontrollfeld mit fester Länge 00824nam a22002773u 4500
001 - Kontrollnummer
Kontrollfeld DHIM2025102913130035
003 - Kontrollnummer Identifier
Kontrollfeld D-627
005 - Datum und Zeit der letzten Transaktion
Kontrollfeld 20251030112343.0
007 - Feld mit fester Länge zur physischen Beschreibung - Allgemeine Information
Kontrollfeld mit fester Länge tu
008 - Feld mit fester Länge zur physischen Beschreibung - Allgemeine Angaben
Kontrollfeld mit fester Länge 251029s2021 ai ||||| |||| 00| 0 eng d
020 ## - Internationale Standardbuchnummer
Verknüpfung 978-9939-886-23-7
Internationale Standardbuchnummer 9789939886237
040 ## - Katalogisierungsquelle
Original-Katalogisierungsstelle RU-10907106
Katalogisierungssprache ger
Übertragungsstelle RU-10907106
100 ## - Haupteintragung - Personenname
Personenname Kharatyan, Hranush
Koha-Normdatenidentnummer 67499
Funktionsbezeichnungscode aut
245 ## - Titel
Titel Khojalu "Genocide" and its Mission in Karabakh Conflict
264 #1 - Produktion, Veröffentlichung, Distribution, Herstellung und Urheberrechtsvermerk
Herstellungs-, Veröffentlichungs- Vertriebs-, Erzeugungsort Yerevan
Produzent, Herausgeber, Distributor, Hersteller National Academy of Sciences of the Rebublic of Armenia
Datum der Herstellung, der Veröffentlichung, des Vertriebs oder des Urheberschutzvermerks 2021
300 ## - Physische Beschreibung
Umfang 206 Seiten
336 ## - Inhaltstyp
Quelle rdacontent
Inhaltstypterm Text
Inhaltstypcode txt
337 ## - Medientyp
Quelle rdamedia
338 ## - Datenträgertyp
Quelle rdacarrier
362 ## - Erscheinungsdaten und/oder Bandbezeichnung
Datumsangaben der Veröffentlichung und/oder Bandbezeichnung 2021
650 ## - Nebeneintragung unter einem Schlagwort - Sachschlagwort
Sachschlagwort oder geografischer Name als Eintragungselement Bergkarabachkonflikt
Koha-Normdatenidentnummer 67500
651 ## - Nebeneintragung unter einem Schlagwort - Geografischer Name
Geografischer Name Armenien
Koha-Normdatenidentnummer 7192
651 ## - Nebeneintragung unter einem Schlagwort - Geografischer Name
Geografischer Name Aserbaidschan
Koha-Normdatenidentnummer 463
700 ## - Nebeneintragung - Personenname
Funktionsbezeichnungscode trl
Personenname Hakobyan, Ester
Koha-Normdatenidentnummer 67514
942 ## - Zusätzliche Felder (Koha)
Klassifikation oder Aufstellungssystematik Andere/Generische Klassifikation
Koha-Medientyp Monographien
Exemplare
Ausgeschieden Verloren Klassifikation oder Aufstellungssystematik Beschädigt Nicht entleihbar Heimatbibliothek Aufenthaltsbibliothek Erwerbungsdatum Inventarnummer Signatur Barcode Letzte Aktivität Preis gültig von Koha-Medientyp
    Andere/Generische Klassifikation     MWN Osteuropa MWS-Büro Georgien 29/10/2025 25-00066 W 66 G n Azerb 76030 29/10/2025 29/10/2025 Monographien